| 000 | 003490000a22001450004500 | ||
|---|---|---|---|
| 003 | MACL | ||
| 040 | _aMACL | ||
| 090 |
_c3400 _d3400 |
||
| 100 | _aFrawley, David | ||
| 245 |
_aGods, Sages and Kings _bVedic Secrets of Andient Civilization |
||
| 260 |
_bMotilal Banarsidas Publishers _c1993 |
||
| 350 | _a200 | ||
| 650 | _aReligion | ||
| 942 |
_cBOOK _k200 |
||
| 999 |
_c3378 _d3378 |
||